<?xml version="1.0" encoding="UTF-8"?>
<marc:record xmlns:marc="http://www.loc.gov/MARC21/slim">
   <marc:leader>00000nam a2200000 a 4500</marc:leader>
   <marc:datafield ind1="1" ind2=" " tag="100">
      <marc:subfield code="a">Sato, Daisuke</marc:subfield>
      <marc:subfield code="4">aut</marc:subfield>
      <marc:subfield code="e">Verfasser/-in</marc:subfield>
   </marc:datafield>
   <marc:datafield ind1="1" ind2=" " tag="100">
      <marc:subfield code="a">Sato, Shouji</marc:subfield>
      <marc:subfield code="4">aut</marc:subfield>
      <marc:subfield code="e">Verfasser/-in</marc:subfield>
   </marc:datafield>
   <marc:datafield ind1=" " ind2=" " tag="653">
      <marc:subfield code="a">Zombie</marc:subfield>
   </marc:datafield>
   <marc:datafield ind1=" " ind2=" " tag="653">
      <marc:subfield code="a">Manga</marc:subfield>
   </marc:datafield>
   <marc:datafield ind1="0" ind2="0" tag="245">
      <marc:subfield code="a">Highschool of the Dead 3</marc:subfield>
   </marc:datafield>
   <marc:datafield ind1="0" ind2="0" tag="245">
      <marc:subfield code="c">Daisuke Sato ; Shouji Sato</marc:subfield>
   </marc:datafield>
   <marc:datafield ind1=" " ind2="1" tag="264">
      <marc:subfield code="a">Hamburg</marc:subfield>
      <marc:subfield code="b">Carlsen</marc:subfield>
      <marc:subfield code="c">2010</marc:subfield>
   </marc:datafield>
   <marc:datafield ind1="1" ind2=" " tag="490">
      <marc:subfield code="a">Highschool of the Dead</marc:subfield>
      <marc:subfield code="v">3</marc:subfield>
   </marc:datafield>
   <marc:datafield ind1="1" ind2=" " tag="520">
      <marc:subfield code="a">Achtung: Infektionsgefahr! &#xD;
&#xD;
Überall auf der Welt ist ein unbekannter und tödlicher Virus ausgebrochen, der die Infizierten in torkelnde und sabbernde Zombies verwandelt. Die Notrufnummer ist dauerhaft besetzt, Handynetze lahmgelegt, Brücken und Zufahrtsstrassen militärisch abgeriegelt. Die menschliche Zivilisation steht vor einem Kollaps und noch gibt es keine Erklärung für den blitzartigen Ausbruch. &#xD;
&#xD;
Während des Ausbruchs der unheimlichen Epidemie, befindet sich Takashi Komuro in seiner Schule und bemerkt schnell, dass nicht alles mit rechten Dingen zugeht. Kurzerhand verbarrikadiert er sich mit seiner Jugendliebe Rei Miyamoto auf dem Dach der Schule, um sich vor der wandelnden Leichenflut zu schützen. &#xD;
Ehe die beiden sich versehen, gehören sie einer kleinen Gruppe Überlebender an...</marc:subfield>
   </marc:datafield>
   <marc:datafield ind1=" " ind2=" " tag="020">
      <marc:subfield code="a">9783551758866</marc:subfield>
      <marc:subfield code="9">9783551758866</marc:subfield>
   </marc:datafield>
   <marc:datafield ind1=" " ind2=" " tag="020">
      <marc:subfield code="a">3551758867</marc:subfield>
      <marc:subfield code="9">3551758867</marc:subfield>
   </marc:datafield>
   <marc:datafield ind1=" " ind2=" " tag="041">
      <marc:subfield code="a">ger</marc:subfield>
   </marc:datafield>
   <marc:datafield ind1=" " ind2=" " tag="300">
      <marc:subfield code="b">überw. Ill.</marc:subfield>
   </marc:datafield>
   <marc:datafield ind1=" " ind2=" " tag="338">
      <marc:subfield code="a">Band</marc:subfield>
   </marc:datafield>
   <marc:datafield ind1=" " ind2=" " tag="300">
      <marc:subfield code="a">[162] S.</marc:subfield>
   </marc:datafield>
</marc:record>
